1019 1370 1407 1952 1650 1237 1489 1931 1043 1153 1794 1496 1184 1898 1474 1684 1154 1007 1489 1509 1823 1813 1758 1640 1294 1539 1394 1293 1070 1169 1334 1037 1907 1050 1002 1535 1307 1135 1089 1866 1569 1472 1440 1543 1957 1054 1564 1779 1135 1867 1390 1963 1749 1761 1874 1222 1031 1406 1460 1982 1660 1707 1127 1695 1315 1400 1964 1402 1462 1551 1790 1779 1468 1292 1133 1344 1309 1017 1537 1698 1275 1557 1462 1952 1122 1259 1276 1733 1223 1671 1298 1149 1065 1042 1880 1454 1840 1393 1971 BCNSPRNW ULIB Ver.6.0+V

เปลี่ยนเป็นภาษาไทย

Change to English
 แสดงรายละเอียดบรรณานุกรม
  กลับหน้าหลัก

Brief Record : Get Marc (ISO 2709) : E-mail record : QR code < ปิดหน้าต่าง
LEADER : 00000nam 2200000uu 4500
001    13399114437
003     ULIB
008    120329s2546||||th 000 0 tha d
020    ^a9746956175
060 04 ^aWA400^bว539อ 2546
100 0  ^aวิชัย โรมไธสง
245 10 ^aอาชีวอนามัยและความปลอดภัย =^nOccupational health and safety./^cวิชัย โรมไธสง
246 30 ^aอาชีวอนามัยและความปลอดภัย
246 31 ^aOccupational health and safety
250    ^aพิมพ์ครั้งที่ 1
260    ^aกรุงเทพฯ :^bภาควิชาอาชีวอนามัยและความปลอดภัย
300    ^a252 หน้า :^bภาพประกอบ ;^c30 ซม.
500    ^aSend to Single Search
650  4 ^aอาชีวอนามัย
650  4 ^aความปลอดภัยในการทำงาน
650  4 ^aสิ่งแวดล้อม
650  4 ^aโรคเกิดจากอาชีพ
710 2  ^aมหาวิทยาลัยมหิดล. ^bคณะสาธารณสุขศาสตร์.
945    ^p50^l0^i12779
945    ^p50^l0^i12780
945    ^p50^l0^i12781
995    ^aกัณชพร
999 ^a ใช้งานได้ทุกระบบ
รายการนี้ยังไม่มีแท็ก
คุณยังไม่ได้ล็อกอิน คุณสามารถมีกิจกรรมร่วมกับเว็บไซต์ได้ แต่ต้องล็อกอินก่อน ::
  ล็อกอิน

รายการสื่อสารสนเทศ

ลำดับที่ ประเภท เลขเรียก/บาร์โค้ด สถานที่ สถานะ
- ไม่พบข้อมูล -

รายการใกล้เคียง
    หัวเรื่อง [อาชีวอนามัย]
    หัวเรื่อง [ความปลอดภัยในการทำงาน]
    หัวเรื่อง [สิ่งแวดล้อม]
    หัวเรื่อง [โรคเกิดจากอาชีพ]

BibComment


ยังไม่เคยถูกคอมเมนท์

คอมเมนท์ทรัพยากรรายการนี้
  คอมเมนท์: อาชีวอนามัยและคว..


 Copyright 2026. Bcnsprnw @Library